| 000 | 00729nam a22001937a 4500 | ||
|---|---|---|---|
| 999 |
_c174327 _d174327 |
||
| 005 | 20200605122820.0 | ||
| 010 | _aUR-10782 | ||
| 020 |
_c400.00 _a9788193042007 |
||
| 035 | _aU-9337 | ||
| 037 |
_bDBAD/PUB _a- |
||
| 082 | _a070.440 | ||
| 100 | _aمحمد آ صف علی | ||
| 245 |
_aا ليکٹر و نک ميڈ يا ميں ا ر د و تر جمو ں کے مسا يل _cمحمد آ صف علی |
||
| 246 |
_bElectronic Mdia Mein Urdu Tarjumon Ke Masaiyl (Urdu) _aby Mohd. Asif Ali |
||
| 260 |
_aHyderabad _bUrdu Translation Academy _c2018 ء |
||
| 270 |
_a8-1-347/B/32, Rahul Colony,Tolichowki, _bHyderabad _e8 _k9652972442 _l- |
||
| 300 |
_a181 ص _c22 Cm(Hb) |
||
| 942 |
_2ddc _cUR _h070.440 _mم ح م |
||